[Event "LiSB-ch C"]
[Site "Sittard"]
[Date "2003.12.06"]
[Round "6"]
[White "Werts, Frits"]
[Black "Janssen, Maurice"]
[Result "1-0"]
[WhiteElo "1629"]
[BlackElo "1635"]
[PlyCount "37"]
[EventDate "2003.11.29"]
[EventType "swiss"]
[EventRounds "7"]
[EventCountry "NED"]
[Source "P.Boonen"]
[SourceDate "2012.01.01"]

1. e4 e5 2. Nf3 Nc6 3. Bb5 d6 4. O-O Bd7 5. c3 Nf6 6. Re1 Be7 7. d4 exd4 8.
cxd4 O-O 9. Nc3 a6 10. Ba4 b5 11. Bb3 Bg4 12. Re3 h6 13. h3 Bxf3 14. Rxf3 Na5
15. Bc2 c5 16. Rg3 Kh8 17. Nd5 Nxd5 18. exd5 cxd4 19. Qh5 1-0

[Event "LiSB-ch C"]
[Site "Sittard"]
[Date "2003.12.07"]
[Round "7"]
[White "Coenjaerts, Rene"]
[Black "Ketzer, Sander"]
[Result "1/2-1/2"]
[WhiteElo "1605"]
[BlackElo "1481"]
[PlyCount "31"]
[EventDate "2003.11.29"]
[EventType "swiss"]
[EventRounds "7"]
[EventCountry "NED"]
[Source "P.Boonen"]
[SourceDate "2012.01.01"]

1. e4 e5 2. Nf3 Nc6 3. Bc4 Bc5 4. c3 Nf6 5. d4 exd4 6. cxd4 Bb4+ 7. Bd2 Bxd2+
8. Nbxd2 O-O 9. O-O d5 10. exd5 Nxd5 11. Nb3 Bg4 12. Be2 Nf4 13. Bb5 Qd5 14.
Bxc6 Qxc6 15. Nbd2 Rad8 16. Rc1 1/2-1/2

[Event "LiSB-ch C"]
[Site "Sittard"]
[Date "2003.12.07"]
[Round "7"]
[White "Dols, Jos"]
[Black "Leenders, Hans"]
[Result "0-1"]
[WhiteElo "1569"]
[BlackElo "1645"]
[PlyCount "136"]
[EventDate "2003.11.29"]
[EventType "swiss"]
[EventRounds "7"]
[EventCountry "NED"]
[Source "P.Boonen"]
[SourceDate "2012.01.01"]

1. d4 e6 2. a3 Nf6 3. c4 b6 4. Nf3 Bb7 5. e3 d6 6. Be2 g6 7. Nc3 Bg7 8. O-O O-O
9. b3 Nbd7 10. Bb2 Re8 11. Rc1 c5 12. dxc5 dxc5 13. Nb5 Bc6 14. a4 Bxb5 15.
cxb5 Ne4 16. Bxg7 Kxg7 17. Qc2 Nef6 18. Rfd1 Qe7 19. Rd2 Rad8 20. Rcd1 e5 21.
Ng5 e4 22. Bc4 Rf8 23. Qc3 Kg8 24. Nh3 Ng4 25. Nf4 Ndf6 26. h3 Rxd2 27. Rxd2
Qe5 28. Qc1 Nh6 29. Qd1 Nf5 30. Nd5 Ng7 31. Kh1 Nxd5 32. Rxd5 Qf6 33. f3 exf3
34. Qxf3 Qxf3 35. gxf3 Nf5 36. e4 Ne3 37. Rd7 Nxc4 38. bxc4 Ra8 39. Kg2 a6 40.
Rd6 axb5 41. axb5 Ra4 42. Rxb6 Rxc4 43. Rc6 Rc2+ 44. Kg3 Rb2 45. b6 c4 46. Rxc4
Rxb6 47. Rc5 Kg7 48. f4 Rb3+ 49. Kg4 h5+ 50. Kh4 Re3 51. Rc4 f6 52. Rc7+ Kh6
53. Rc5 Rxe4 54. Kg3 g5 55. f5 Re5 56. Rxe5 fxe5 57. Kf3 Kg7 58. Ke4 Kf6 59. h4
g4 60. Ke3 Kxf5 61. Kf2 Kf4 62. Kg2 g3 63. Kh3 e4 64. Kg2 Kg4 65. Kg1 Kxh4 66.
Kg2 Kg4 67. Kg1 Kf3 68. Kh1 e3 0-1

[Event "LiSB-ch C"]
[Site "Sittard"]
[Date "2003.12.07"]
[Round "7"]
[White "Janssen, Maurice"]
[Black "Dreuning, Paul"]
[Result "1-0"]
[WhiteElo "1635"]
[BlackElo "1263"]
[PlyCount "63"]
[EventDate "2003.11.29"]
[EventType "swiss"]
[EventRounds "7"]
[EventCountry "NED"]
[Source "P.Boonen"]
[SourceDate "2012.01.01"]

1. e4 e5 2. Nf3 Nc6 3. Bc4 Nf6 4. Nc3 Bb4 5. O-O O-O 6. Re1 Re8 7. Nd5 Nxd5 8.
exd5 Nd4 9. Nxe5 d6 10. Nf3 Rxe1+ 11. Nxe1 Bf5 12. c3 Nc2 13. Nxc2 Bxc2 14.
Qxc2 Ba5 15. d4 Bb6 16. Bd2 c5 17. dxc6 bxc6 18. Qf5 c5 19. Qxf7+ Kh8 20. Re1
Qf8 21. Qxf8+ Rxf8 22. dxc5 Bxc5 23. Be3 Bxe3 24. Rxe3 h5 25. f3 Kh7 26. Kf2 g5
27. Re7+ Kh6 28. Bd3 g4 29. Re6+ Kg5 30. Rg6+ Kh4 31. Bf1 d5 32. g3# 1-0

[Event "LiSB-ch C"]
[Site "Sittard"]
[Date "2003.12.07"]
[Round "7"]
[White "Ploumen, Ralf"]
[Black "Paas, Hans"]
[Result "1-0"]
[WhiteElo "1662"]
[BlackElo "1302"]
[PlyCount "120"]
[EventDate "2003.11.29"]
[EventType "swiss"]
[EventRounds "7"]
[EventCountry "NED"]
[Source "P.Boonen"]
[SourceDate "2012.01.01"]

1. e4 c5 2. Nf3 d6 3. Nc3 e5 4. h3 Bd7 5. Bc4 h6 6. d3 Nf6 7. Be3 Nc6 8. Nd5
Na5 9. Nxf6+ Qxf6 10. Bd5 Nc6 11. a3 a6 12. c3 Rb8 13. d4 cxd4 14. cxd4 Ne7 15.
Ba2 Nc6 16. d5 Nd8 17. O-O Qg6 18. Nd2 Bxh3 19. Qf3 Bg4 20. Qg3 h5 21. f3 Bd7
22. Qxg6 fxg6 23. Nc4 Bb5 24. Rac1 Be7 25. b3 O-O 26. a4 Bd7 27. Nb6 Be8 28.
Rc7 Rf7 29. Nd7 Ra8 30. Rfc1 Bf6 31. Nb6 Rb8 32. Rxf7 Kxf7 33. Rc7+ Kg8 34. Nc8
Nf7 35. Ne7+ Kh7 36. Bb6 Bxe7 37. Rxe7 Kg8 38. Ba7 Rc8 39. Kh2 Kf8 40. Rxb7 Rc2
41. Bb1 Rb2 42. Bd3 Bxa4 43. Bxa6 Bxb3 44. Bc4 Nd8 45. Rxb3 Rxb3 46. Bxb3 Nb7
47. Bb6 Ke7 48. Ba4 Nc5 49. Bxc5 dxc5 50. Bb3 g5 51. Kh3 g6 52. g3 Kd6 53. Kg2
Ke7 54. Kf2 Kd6 55. Bc4 Ke7 56. Ke3 Kd6 57. f4 gxf4+ 58. gxf4 exf4+ 59. Kxf4 h4
60. Bf1 Ke7 1-0

[Event "LiSB-ch C"]
[Site "Sittard"]
[Date "2003.12.07"]
[Round "7"]
[White "Schoffelen, Jan"]
[Black "Te Boekhorst, Rene"]
[Result "0-1"]
[WhiteElo "1407"]
[BlackElo "1369"]
[PlyCount "110"]
[EventDate "2003.11.29"]
[EventType "swiss"]
[EventRounds "7"]
[EventCountry "NED"]
[Source "P.Boonen"]
[SourceDate "2012.01.01"]

1. e4 e5 2. Nf3 Nc6 3. Bb5 Nge7 4. d3 h6 5. O-O a6 6. Bc4 d6 7. Be3 Ng6 8. a3
Be7 9. Nbd2 Bd7 10. c3 O-O 11. Qb3 Na5 12. Qa2 Nxc4 13. Nxc4 Be6 14. b3 Bxc4
15. bxc4 c5 16. d4 Bf6 17. Rfd1 b6 18. Rd3 Qe7 19. Nd2 Nf4 20. Bxf4 exf4 21. f3
h5 22. Nb3 g6 23. Re1 Bg7 24. Qd2 Rad8 25. Qxf4 Kh7 26. Qe3 f5 27. Qe2 fxe4 28.
fxe4 Rf4 29. e5 dxe5 30. d5 Rxc4 31. Nd2 Rf4 32. Nf3 e4 33. Re3 Re8 34. Rxe4
Rxe4 35. Qxe4 Qxe4 36. Ng5+ Kg8 37. Nxe4 Bxc3 38. Re3 Bd4 39. Kf2 Bxe3+ 40.
Kxe3 Kg7 41. Kd3 Re5 42. d6 b5 43. Ke3 Kf8 44. Kf4 Rd5 45. g3 c4 46. h3 g5+ 47.
Ke3 Rd3+ 48. Ke2 Ke8 49. Nxg5 Rxd6 50. g4 hxg4 51. hxg4 c3 52. Ne4 Re6 53. Kd3
c2 54. Kxc2 Rxe4 55. g5 Rg4 0-1

[Event "LiSB-ch C"]
[Site "Sittard"]
[Date "2003.12.07"]
[Round "7"]
[White "Werts, Frits"]
[Black "Lemmen, Raoul"]
[Result "0-1"]
[WhiteElo "1629"]
[BlackElo "1598"]
[PlyCount "58"]
[EventDate "2003.11.29"]
[EventType "swiss"]
[EventRounds "7"]
[EventCountry "NED"]
[Source "P.Boonen"]
[SourceDate "2012.01.01"]

1. e4 c5 2. Nf3 Nc6 3. d4 cxd4 4. Nxd4 Nf6 5. Nc3 e5 6. Ndb5 d6 7. Bg5 a6 8.
Bxf6 gxf6 9. Na3 b5 10. Nd5 Be6 11. c3 Rc8 12. Be2 Bh6 13. O-O f5 14. exf5 Bxf5
15. Bg4 Qg5 16. Bxf5 Qxf5 17. Nc7+ Kd7 18. Nxa6 e4 19. Qe2 Rhg8 20. g3 Ne5 21.
Qxb5+ Ke6 22. Qe2 d5 23. Rad1 Nf3+ 24. Kg2 Nh4+ 25. Kh1 Qh3 26. f3 Rxg3 27.
Nc7+ Rxc7 28. Qa6+ Ke7 29. Qe2 Rg2 0-1

[Event "LiSB-ch Seniors"]
[Site "Sittard"]
[Date "2003.11.29"]
[Round "1"]
[White "Ebel, Huub"]
[Black "Werts, Ruud"]
[Result "1/2-1/2"]
[WhiteElo "1308"]
[BlackElo "1631"]
[PlyCount "43"]
[EventDate "2003.11.29"]
[EventType "swiss"]
[EventRounds "5"]
[EventCountry "NED"]
[Source "P.Boonen"]
[SourceDate "2012.01.01"]

1. d4 c5 2. e4 e6 3. Nf3 Nf6 4. Bg5 Be7 5. Bd3 cxd4 6. O-O O-O 7. Nxd4 Qb6 8.
Nb3 e5 9. Be3 Qc7 10. Nc3 a6 11. Bg5 d6 12. Bxf6 Bxf6 13. Nd5 Qd8 14. Qf3 Nd7
15. Nd2 b5 16. Nxf6+ Nxf6 17. Qd1 Bb7 18. Re1 d5 19. exd5 Qxd5 20. Ne4 Rad8 21.
Nxf6+ gxf6 22. Qg4+ 1/2-1/2

[Event "LiSB-ch Seniors"]
[Site "Sittard"]
[Date "2003.11.29"]
[Round "1"]
[White "Montforts, Ton"]
[Black "Coort, Jo"]
[Result "1-0"]
[WhiteElo "1665"]
[BlackElo "1540"]
[PlyCount "91"]
[EventDate "2003.11.29"]
[EventType "swiss"]
[EventRounds "5"]
[EventCountry "NED"]
[Source "P.Boonen"]
[SourceDate "2012.01.01"]

1. c4 Nf6 2. Nc3 e5 3. g3 c6 4. Bg2 d5 5. b3 e4 6. d3 Bb4 7. Bd2 O-O 8. dxe4
dxc4 9. bxc4 Qd4 10. Qc2 Qxc4 11. Rc1 Be6 12. a4 Nbd7 13. Nf3 Ng4 14. O-O Nge5
15. Ng5 h6 16. Nxe6 Qxe6 17. Rb1 a5 18. Na2 Bxd2 19. Qxd2 Nc5 20. Qc2 Qe7 21.
Rfc1 Ne6 22. Qb2 Qc7 23. Qxb7 Qxb7 24. Rxb7 Nd4 25. Nc3 Rab8 26. Rcb1 Rxb7 27.
Rxb7 Rd8 28. h3 Nc2 29. Rc7 Nb4 30. f4 Nc4 31. e5 Ne3 32. Bxc6 Na6 33. Ra7 Nb4
34. Bb5 Rc8 35. Ne4 Rc1+ 36. Kf2 Nbd5 37. g4 Rf1+ 38. Kg3 Rg1+ 39. Kf2 Rf1+ 40.
Kg3 Rg1+ 41. Kh2 Rg2+ 42. Kh1 Nxf4 43. Bd3 Nxh3 44. Rb7 Rxg4 45. Rb8+ Kh7 46.
Nf6# 1-0

[Event "LiSB-ch Seniors"]
[Site "Sittard"]
[Date "2003.11.29"]
[Round "1"]
[White "Stupp, Josef"]
[Black "Blankertz, Harald"]
[Result "1-0"]
[WhiteElo "1623"]
[BlackElo "1236"]
[PlyCount "155"]
[EventDate "2003.11.29"]
[EventType "swiss"]
[EventRounds "5"]
[EventCountry "NED"]
[Source "P.Boonen"]
[SourceDate "2012.01.01"]

1. e4 c6 2. Nc3 d6 3. f4 Nf6 4. Bc4 Bg4 5. Nge2 Nbd7 6. d3 e5 7. h3 Bxe2 8.
Qxe2 Be7 9. O-O O-O 10. g4 a6 11. g5 Ne8 12. h4 g6 13. h5 exf4 14. hxg6 Bxg5
15. gxh7+ Kh8 16. Qh5 Ng7 17. Qf3 Ne5 18. Qh3 Qf6 19. Bb3 Qg6 20. Kh1 Nh5 21.
Kh2 Kg7 22. Rg1 Rh8 23. d4 Rxh7 24. dxe5 dxe5 25. Kg2 Ng3 26. Qg4 Rh4 27. Qd7
Rah8 28. Qxf7+ Qxf7 29. Bxf7 Kxf7 30. Kf3 Rh3 31. Kf2 Rh2+ 32. Ke1 Rxc2 33. Bd2
Rxb2 34. Rd1 Rh2 35. Rxg3 Rh1+ 36. Ke2 Rxd1 37. Nxd1 Rxa2 38. Rxg5 Kf6 39. Rf5+
Ke6 40. Nc3 Rb2 41. Na4 Rb5 42. Kd3 b6 43. Rh5 f3 44. Rf5 a5 45. Rxf3 Rb3+ 46.
Ke2 Rb5 47. Rh3 Kd7 48. Rh6 Kc7 49. Bc3 Kd7 50. Rh7+ Kd6 51. Rb7 Rb3 52. Rxb6
Ra3 53. Nb2 Rxc3 54. Kd2 Rc5 55. Kd3 Rb5 56. Nc4+ Kc7 57. Ra6 Kb7 58. Rxa5 Rb3+
59. Kc2 Rb4 60. Kc3 Rb1 61. Rxe5 Rc1+ 62. Kd4 Ka6 63. Kc5 Rc2 64. Re6 Kb7 65.
Re7+ Kc8 66. e5 Kd8 67. Rb7 Ke8 68. Kd4 Rc1 69. Rc7 Kd8 70. Rxc6 Rd1+ 71. Kc5
Kd7 72. Rd6+ Rxd6 73. exd6 Ke8 74. Kc6 Kd8 75. Nb6 Ke8 76. Kc7 Kf7 77. d7 Ke7
78. d8=Q+ 1-0

[Event "LiSB-ch Seniors"]
[Site "Sittard"]
[Date "2003.11.30"]
[Round "3"]
[White "Ebel, Huub"]
[Black "Blankertz, Harald"]
[Result "1-0"]
[WhiteElo "1308"]
[BlackElo "1236"]
[PlyCount "132"]
[EventDate "2003.11.29"]
[EventType "swiss"]
[EventRounds "5"]
[EventCountry "NED"]
[Source "P.Boonen"]
[SourceDate "2012.01.01"]

1. d4 c6 2. Nf3 d6 3. c4 Nf6 4. Nc3 Bf5 5. h3 Nbd7 6. e3 e5 7. dxe5 dxe5 8. Nh4
Be6 9. Qc2 Be7 10. Nf5 a6 11. Nxg7+ Kf8 12. Nxe6+ fxe6 13. e4 Rg8 14. Be3 b6
15. Rd1 Qc7 16. f3 Rg6 17. Bd3 c5 18. O-O Kf7 19. Rd2 Rag8 20. g4 h5 21. Rff2
h4 22. Bf1 Nh5 23. Rg2 Nf4 24. Bxf4 exf4 25. Qa4 Ne5 26. Be2 Qb7 27. Qd1 Ke8
28. b3 Nf7 29. Bd3 Ne5 30. Bc2 Kf7 31. Kh1 Qc7 32. Nb1 Rd8 33. a3 Rd4 34. Rxd4
cxd4 35. Qd2 Nxf3 36. Qf2 Ng5 37. Qxd4 e5 38. Qd5+ Re6 39. Nd2 Qc5 40. b4 Qe3
41. Qd3 Qe1+ 42. Qf1 Qe3 43. Qd3 Qd4 44. Nf3 Qxd3 45. Nxg5+ Bxg5 46. Bxd3 Rd6
47. Be2 Rd4 48. c5 bxc5 49. bxc5 Ke7 50. Bxa6 Ra4 51. Bb7 Rxa3 52. c6 Rxh3+ 53.
Rh2 Rc3 54. Rd2 f3 55. Rd7+ Ke6 56. Rg7 Rc1+ 57. Kh2 Bf4+ 58. Kh3 Bg3 59. Rg6+
Ke7 60. g5 f2 61. Rg7+ Kd8 62. Rg8+ Kc7 63. Rg7+ Kb6 64. Ba6 f1=Q+ 65. Bxf1 Rc3
66. g6 Rc1 1-0

[Event "LiSB-ch Seniors"]
[Site "Sittard"]
[Date "2003.11.30"]
[Round "3"]
[White "Montforts, Ton"]
[Black "Werts, Ruud"]
[Result "1-0"]
[WhiteElo "1665"]
[BlackElo "1631"]
[PlyCount "87"]
[EventDate "2003.11.29"]
[EventType "swiss"]
[EventRounds "5"]
[EventCountry "NED"]
[Source "P.Boonen"]
[SourceDate "2012.01.01"]

1. e4 c5 2. Nf3 e6 3. d4 cxd4 4. Nxd4 Nf6 5. Nc3 Bb4 6. Bd3 O-O 7. O-O Bxc3 8.
bxc3 a6 9. Bg5 d6 10. Qd2 Nbd7 11. Rfe1 Qa5 12. f4 e5 13. fxe5 Qxe5 14. Bf4 Qc5
15. Kh1 Ne5 16. Be3 Nc4 17. Bxc4 Qxc4 18. Bg5 Ng4 19. Be7 Re8 20. Bxd6 Be6 21.
Nxe6 Rxe6 22. Qd4 Rc8 23. Bb4 Qb5 24. a4 Qe8 25. h3 Ne5 26. a5 Rc4 27. Qd5 Qc6
28. Rad1 Qe8 29. Bd6 Rc8 30. Bb4 Nc6 31. Rc1 Rd8 32. Qf5 g6 33. Qf4 Rc8 34. Re2
Nxb4 35. cxb4 Rc4 36. c3 Rexe4 37. Rxe4 Rxe4 38. Qf1 f5 39. c4 Qa4 40. b5 axb5
41. cxb5 Qxa5 42. Rc8+ Kg7 43. Qd3 Qxb5 44. Qxb5 1-0

[Event "LiSB-ch Seniors"]
[Site "Sittard"]
[Date "2003.11.30"]
[Round "3"]
[White "Stupp, Josef"]
[Black "Verstappen, Theo"]
[Result "1-0"]
[WhiteElo "1623"]
[BlackElo "1565"]
[PlyCount "80"]
[EventDate "2003.11.29"]
[EventType "swiss"]
[EventRounds "5"]
[EventCountry "NED"]
[Source "P.Boonen"]
[SourceDate "2012.01.01"]

1. e4 c5 2. Nc3 Nc6 3. f4 e6 4. Bc4 Qc7 5. d3 Nge7 6. Nf3 Ng6 7. f5 Nge5 8.
fxe6 dxe6 9. Bb3 Be7 10. O-O Nxf3+ 11. Qxf3 Bf6 12. Be3 Ne5 13. Qg3 Qe7 14. Bf4
Nd7 15. Bd6 Qd8 16. e5 Bh4 17. Qxg7 Rf8 18. Nb5 Qg5 19. Qxg5 Bxg5 20. Nc7+ Kd8
21. Nxa8 Rg8 22. Rxf7 b6 23. Bxe6 Nxe5 24. Bxe5 Bxe6 25. Rxh7 Be3+ 26. Kh1 Bd5
27. Bg3 Bxa8 28. Rxa7 Bc6 29. Re1 Rf8 30. h3 Bf2 31. Rf1 Rg8 32. Rxf2 Rxg3 33.
Kh2 Rg8 34. g4 Rh8 35. Kg3 Re8 36. g5 Re3+ 37. Kh4 Bd7 38. Rxd7+ Kxd7 39. g6
Re1 40. Kh5 Re5+ 1-0

[Event "LiSB-ch Seniors"]
[Site "Sittard"]
[Date "2003.12.06"]
[Round "4"]
[White "Blankertz, Harald"]
[Black "Werts, Ruud"]
[Result "0-1"]
[WhiteElo "1236"]
[BlackElo "1631"]
[PlyCount "110"]
[EventDate "2003.11.29"]
[EventType "swiss"]
[EventRounds "5"]
[EventCountry "NED"]
[Source "P.Boonen"]
[SourceDate "2012.01.01"]

1. c4 c5 2. g3 Nf6 3. Bg2 e6 4. e3 Be7 5. Ne2 O-O 6. O-O d5 7. b3 Nc6 8. d4
cxd4 9. exd4 Qb6 10. c5 Qa6 11. a3 b6 12. Bb2 bxc5 13. dxc5 Nd7 14. b4 Bf6 15.
Nbc3 Rb8 16. Rb1 Qb7 17. Ba1 a6 18. Nf4 g6 19. Qd3 Nde5 20. Qd1 Nc4 21. Qc1 Na7
22. a4 Nc6 23. Ncxd5 exd5 24. Nxd5 Bxa1 25. Rxa1 N4e5 26. Rb1 Be6 27. b5 axb5
28. Rxb5 Qa7 29. Nb6 Nd4 30. Rb2 Ndf3+ 31. Bxf3 Nxf3+ 32. Kg2 Qb7 33. Rg1 Nd4+
34. Kf1 Bh3+ 35. Ke1 Qe4+ 36. Qe3 Nf3+ 37. Kd1 Rbd8+ 38. Kc1 Qxe3+ 39. fxe3
Nxg1 40. a5 Bg4 41. c6 Rd1+ 42. Kc2 Rfd8 43. c7 R1d2+ 44. Kb1 Rxb2+ 45. Kxb2
Re8 46. a6 Bc8 47. a7 Bb7 48. Nd7 Rc8 49. e4 Rxc7 50. Nf6+ Kh8 51. Nd5 Rc8 52.
Nb6 Rd8 53. e5 Nf3 54. Nc4 Ra8 55. Nb6 Rxa7 0-1

[Event "LiSB-ch Seniors"]
[Site "Sittard"]
[Date "2003.12.06"]
[Round "4"]
[White "Montforts, Ton"]
[Black "Stupp, Josef"]
[Result "0-1"]
[WhiteElo "1665"]
[BlackElo "1623"]
[PlyCount "80"]
[EventDate "2003.11.29"]
[EventType "swiss"]
[EventRounds "5"]
[EventCountry "NED"]
[Source "P.Boonen"]
[SourceDate "2012.01.01"]

1. c4 Nf6 2. Nc3 c5 3. g3 a6 4. Bg2 Qc7 5. Nf3 e6 6. O-O Be7 7. a3 O-O 8. Rb1
Nc6 9. d3 Rd8 10. Ne1 d5 11. b3 d4 12. Ne4 b6 13. Nxf6+ Bxf6 14. b4 cxb4 15.
axb4 Bb7 16. Nf3 e5 17. Bg5 Qe7 18. Bxf6 Qxf6 19. c5 Ne7 20. cxb6 Nd5 21. Nd2
Nc3 22. Qb3 Bxg2 23. Kxg2 Nxb1 24. Rxb1 Qxb6 25. Ne4 Qc6 26. f3 Rac8 27. Rb2
Qe6 28. Qa3 f5 29. Nc5 Qf7 30. Nxa6 Rc3 31. Qa5 Rdc8 32. Nc5 Qd5 33. Qa6 Ra8
34. Qb6 g5 35. Qe6+ Qxe6 36. Nxe6 h6 37. Nc5 Rc8 38. Kf2 Rb8 39. Nd7 Rb5 40.
Nc5 Rcxc5 0-1

[Event "LiSB-ch Seniors"]
[Site "Sittard"]
[Date "2003.12.06"]
[Round "4"]
[White "Verstappen, Theo"]
[Black "Coort, Jo"]
[Result "1/2-1/2"]
[WhiteElo "1565"]
[BlackElo "1540"]
[PlyCount "105"]
[EventDate "2003.11.29"]
[EventType "swiss"]
[EventRounds "5"]
[EventCountry "NED"]
[Source "P.Boonen"]
[SourceDate "2012.01.01"]

1. e4 c5 2. Nf3 Nc6 3. d4 cxd4 4. Nxd4 e6 5. Nc3 Bb4 6. Nxc6 bxc6 7. Bd2 Nf6 8.
Bd3 e5 9. O-O O-O 10. a3 Be7 11. Re1 d6 12. h3 Nd7 13. Ne2 Nc5 14. Ng3 f5 15.
exf5 Nxd3 16. cxd3 Bh4 17. Ne4 Bxf5 18. Rc1 Bxe4 19. Rxe4 Bxf2+ 20. Kh1 Qd7 21.
Rg4 Rf7 22. Qb3 d5 23. Bb4 Rb8 24. Qc2 Be3 25. Rb1 Rf2 26. Qb3 Bd4 27. Qd1 c5
28. Bc3 Qf7 29. Bxd4 exd4 30. Qc1 Qe7 31. Qg5 Qxg5 32. Rxg5 Rd8 33. Kg1 Re2 34.
Rg3 c4 35. dxc4 dxc4 36. Rc1 Rxb2 37. Rxc4 d3 38. Rc1 Rc2 39. Rd1 d2 40. Rf3
Rc1 41. Rff1 Rc3 42. Rf3 Rxf3 43. gxf3 Rd3 44. Kf2 Rxa3 45. Rxd2 Kf7 46. Ke2
Ra5 47. Ke3 Kf6 48. Rd7 Kg6 49. Ke4 h6 50. f4 Rf5 51. Rxa7 Rf7 52. Rxf7 Kxf7
53. Kf5 1/2-1/2

[Event "LiSB-ch Seniors"]
[Site "Sittard"]
[Date "2003.12.07"]
[Round "5"]
[White "Blankertz, Harald"]
[Black "Montforts, Ton"]
[Result "0-1"]
[WhiteElo "1236"]
[BlackElo "1665"]
[PlyCount "88"]
[EventDate "2003.11.29"]
[EventType "swiss"]
[EventRounds "5"]
[EventCountry "NED"]
[Source "P.Boonen"]
[SourceDate "2012.01.01"]

1. c4 c5 2. g3 e6 3. Bg2 d6 4. e3 Nf6 5. Ne2 Be7 6. O-O O-O 7. Nbc3 Nc6 8. a3
a5 9. Rb1 Bd7 10. d3 Rb8 11. d4 cxd4 12. exd4 Na7 13. a4 Nc6 14. b3 Nb4 15. Be3
d5 16. c5 b6 17. Bf4 Rc8 18. Bd6 bxc5 19. dxc5 Bxd6 20. cxd6 Bc6 21. Rb2 Qxd6
22. Nb5 Bxb5 23. axb5 Rc5 24. Nd4 e5 25. Nf5 Qd7 26. Bh3 Qxb5 27. Re1 Nd3 28.
Qd2 Nxe1 29. Qxe1 d4 30. Nd6 Qc6 31. Nc4 Qc7 32. Bg2 a4 33. Bf1 axb3 34. Rxb3
Rxc4 35. Bxc4 Qxc4 36. Rb4 Qc3 37. Qb1 d3 38. Rb3 Qc2 39. Kg2 Ne4 40. Kf3 Qe2+
41. Kg2 Qxf2+ 42. Kh3 Ng5+ 43. Kh4 Qxh2+ 44. Kxg5 Qxg3+ 0-1

[Event "LiSB-ch Seniors"]
[Site "Sittard"]
[Date "2003.12.07"]
[Round "5"]
[White "Coort, Jo"]
[Black "Stupp, Josef"]
[Result "1/2-1/2"]
[WhiteElo "1540"]
[BlackElo "1623"]
[PlyCount "134"]
[EventDate "2003.11.29"]
[EventType "swiss"]
[EventRounds "5"]
[EventCountry "NED"]
[Source "P.Boonen"]
[SourceDate "2012.01.01"]

1. Nf3 d5 2. d4 Nf6 3. c4 dxc4 4. Nc3 c6 5. a4 Bf5 6. e3 Nbd7 7. Bxc4 e6 8. O-O
Be7 9. Re1 O-O 10. e4 Bg6 11. Bg5 h6 12. Bh4 Nh7 13. Bxe7 Qxe7 14. d5 Nb6 15.
Ba2 exd5 16. exd5 Qb4 17. Ne5 Qxb2 18. Nxg6 fxg6 19. dxc6+ Kh8 20. cxb7 Rab8
21. Ne4 Rxb7 22. a5 Rd7 23. Qg4 Re7 24. axb6 axb6 25. Qe2 Qd4 26. Rad1 Qb4 27.
Qc4 Qa5 28. Qd5 Qb4 29. f3 Nf6 30. Qc4 Qa5 31. Rf1 b5 32. Qc5 Ree8 33. Nxf6
gxf6 34. Bb1 Kg7 35. h4 Re5 36. Rd7+ Kh8 37. Qc7 Qxc7 38. Rxc7 f5 39. Rb7 g5
40. hxg5 hxg5 41. g4 f4 42. Ra7 Kg8 43. Rb7 Rfe8 44. Be4 R5e7 45. Rxe7 Rxe7 46.
Rb1 Re5 47. Kg2 Kf7 48. Rb4 Ke6 49. Kf2 Kd6 50. Bd3 Kc6 51. Re4 Rc5 52. Re6+
Kd5 53. Rg6 Kd4 54. Be4 b4 55. Rd6+ Kc3 56. Rd3+ Kb2 57. Rd2+ Ka3 58. Ke2 b3
59. Rd1 b2 60. Kd3 Rc7 61. Rb1 Ka2 62. Kd2 Rc5 63. Bc2 Rc7 64. Bd3 Rd7 65. Kc2
Rc7+ 66. Kd2 Rd7 67. Ke2 Rc7 1/2-1/2

[Event "LiSB-ch Seniors"]
[Site "Sittard"]
[Date "2003.12.07"]
[Round "5"]
[White "Verstappen, Theo"]
[Black "Ebel, Huub"]
[Result "1-0"]
[WhiteElo "1565"]
[BlackElo "1308"]
[PlyCount "51"]
[EventDate "2003.11.29"]
[EventType "swiss"]
[EventRounds "5"]
[EventCountry "NED"]
[Source "P.Boonen"]
[SourceDate "2012.01.01"]

1. e4 c5 2. Nf3 d6 3. d4 cxd4 4. Qxd4 Nc6 5. Bb5 e5 6. Qe3 Be7 7. Nc3 Nf6 8.
Bd2 O-O 9. O-O Ng4 10. Qe1 Nb4 11. Rc1 a6 12. Ba4 Bd7 13. a3 Nc6 14. Nd5 Nf6
15. Bxc6 Nxd5 16. Bxd5 Be6 17. Bxb7 Rb8 18. Ba5 Qd7 19. Bd5 Bg4 20. Qe3 h6 21.
Rb1 Bxf3 22. Qxf3 Kh8 23. Bd2 f5 24. exf5 Rxf5 25. Qh3 Bf8 26. Be4 1-0

[Event "LiSB-ch Veterans"]
[Site "Sittard"]
[Date "2003.11.29"]
[Round "1"]
[White "Meijerink, Harrie"]
[Black "De Wit, Gerrit"]
[Result "0-1"]
[WhiteElo "1663"]
[BlackElo "1740"]
[PlyCount "109"]
[EventDate "2003.11.29"]
[EventType "swiss"]
[EventRounds "5"]
[EventCountry "NED"]
[Source "P.Boonen"]
[SourceDate "2012.01.01"]

1. d4 Nf6 2. c4 g6 3. Nc3 Bg7 4. e4 d6 5. Nf3 O-O 6. Be2 e5 7. Be3 Ng4 8. Bg5
f6 9. Bh4 Nd7 10. h3 Nh6 11. O-O c6 12. b4 Qe7 13. d5 g5 14. Bg3 f5 15. Nd2 c5
16. b5 Nf6 17. f3 Nh5 18. Bf2 Nf4 19. Kh2 Nxe2 20. Qxe2 g4 21. hxg4 fxg4 22.
Rh1 Qg5 23. Qe3 Qg6 24. Ne2 Rf7 25. Raf1 Bd7 26. f4 Rxf4 27. g3 Rff8 28. Kg2
Nf7 29. Be1 Ng5 30. Ng1 Rxf1 31. Kxf1 Rf8+ 32. Ke2 Nh3 33. Kd3 Bh6 34. Qe2 Qf6
35. Nxh3 gxh3 36. g4 Qf4 37. Rxh3 Kh8 38. Rg3 Rg8 39. Nf1 Rxg4 40. Rxg4 Bxg4
41. Qf2 Bg5 42. Ne3 Qxf2 43. Bxf2 Bd7 44. Nf5 Bxf5 45. exf5 Kg7 46. Ke4 Kf6 47.
Bxc5 dxc5 48. d6 h5 49. d7 Ke7 50. Kxe5 Kxd7 51. Kd5 b6 52. Ke4 Kd6 53. a3 h4
54. Kf3 Ke5 55. Kg4 0-1

[Event "LiSB-ch Veterans"]
[Site "Sittard"]
[Date "2003.11.29"]
[Round "1"]
[White "Sauer, Bob"]
[Black "Michon, John"]
[Result "1-0"]
[WhiteElo "1709"]
[BlackElo "1661"]
[PlyCount "73"]
[EventDate "2003.11.29"]
[EventType "swiss"]
[EventRounds "5"]
[EventCountry "NED"]
[Source "P.Boonen"]
[SourceDate "2012.01.01"]

1. e4 c5 2. Nf3 Nc6 3. d4 cxd4 4. Nxd4 Nf6 5. Nc3 a6 6. Bg5 e6 7. f4 h6 8. Bh4
Be7 9. Be2 Qb6 10. Nb3 O-O 11. Qd3 Ne8 12. Bf2 Qc7 13. e5 d6 14. exd6 Bxd6 15.
g3 Nf6 16. O-O-O b5 17. Qxd6 Qxd6 18. Rxd6 Bb7 19. Bf3 Rac8 20. Nc5 Ne8 21.
Nxb7 Nxd6 22. Nxd6 Rc7 23. Rd1 Rb8 24. Nce4 Nb4 25. Nc3 Nc6 26. a3 b4 27. axb4
Nxb4 28. Be4 f5 29. Bd3 Rc6 30. Bc4 Rxc4 31. Nxc4 Rc8 32. Ne5 Kf8 33. Bc5+ Rxc5
34. Nd7+ Ke7 35. Nxc5 g5 36. fxg5 hxg5 37. Re1 1-0

[Event "LiSB-ch Veterans"]
[Site "Sittard"]
[Date "2003.11.29"]
[Round "1"]
[White "Simonis, Peter"]
[Black "Claes, Peter"]
[Result "1/2-1/2"]
[WhiteElo "1758"]
[BlackElo "1697"]
[PlyCount "60"]
[EventDate "2003.11.29"]
[EventType "swiss"]
[EventRounds "5"]
[EventCountry "NED"]
[Source "P.Boonen"]
[SourceDate "2012.01.01"]

1. e4 c5 2. Nf3 d6 3. d4 cxd4 4. Nxd4 Nf6 5. Nc3 a6 6. Bc4 e6 7. Be3 Be7 8. Bb3
O-O 9. f4 Qa5 10. O-O Nc6 11. Nxc6 bxc6 12. Qf3 d5 13. e5 Nd7 14. Rad1 Nc5 15.
Kh1 Nxb3 16. axb3 Bd7 17. Qf2 c5 18. Ra1 Qc7 19. Na4 d4 20. Bd2 Rfd8 21. Qg3 c4
22. bxc4 Rab8 23. b3 Bb4 24. Bxb4 Rxb4 25. Nb2 Rb6 26. Nd3 Bc8 27. Nf2 Bb7 28.
Nd3 Be4 29. Rf2 Bxd3 30. Qxd3 Qc5 1/2-1/2

[Event "LiSB-ch Veterans"]
[Site "Sittard"]
[Date "2003.11.30"]
[Round "2"]
[White "Claes, Peter"]
[Black "Sauer, Bob"]
[Result "0-1"]
[WhiteElo "1697"]
[BlackElo "1709"]
[PlyCount "59"]
[EventDate "2003.11.29"]
[EventType "swiss"]
[EventRounds "5"]
[EventCountry "NED"]
[Source "P.Boonen"]
[SourceDate "2012.01.01"]

1. d4 d5 2. Nf3 e6 3. c3 Be7 4. Bf4 Nf6 5. e3 O-O 6. Bd3 c5 7. O-O c4 8. Bc2
Nbd7 9. Nbd2 Nh5 10. Bg3 Nxg3 11. hxg3 Nf6 12. e4 h6 13. e5 Ng4 14. Nh2 Nxh2
15. Kxh2 f5 16. f4 Qe8 17. g4 Qg6 18. gxf5 exf5 19. Qf3 Be6 20. g3 b5 21. a3 a5
22. Bd1 b4 23. axb4 axb4 24. Rxa8 Rxa8 25. Nxc4 bxc3 26. Nb6 cxb2 27. Nxd5 Bxd5
28. Qxd5+ Kh7 29. Qb3 Ra3 30. Qxb2 0-1